000 00278nam a22001217a 4500
999 _c15353
_d15353
020 _a9780070859067
082 _a6217.23
_bCHO/OP
100 _aChow, Ven Te
_93034
245 _aOpen - channel hydaulics
260 _aSingapore
_bMcGraw Hill
_c1973
300 _a680
942 _cREF